Tourist Attractions in Mexico by Images - Statistics

General Stats
  • This quiz has been taken 6 times
  • The average score is 3 of 16
Answer Stats
Picture Answer % Correct
Cancun
83%
Chichen Itza
67%
Guadalajara
33%
Tulum
33%
Arch of Cabo San Lucas
17%
Cozumel
17%
Guanajuato
17%
Palenque
17%
Teotihuacan
17%
Catedral Metropolitana
0%
Chapultepec Castle
0%
El Tajin
0%
Monte Alban
0%
Uxmal
0%
Xcaret Park
0%
Zipolite
0%
No matching quizzes found
Score Distribution
Percent of People with Each Score
Percentile by Number Answered
Your Score History
You have not taken this quiz